000 00365nam a2200157 i 4500
001 bg
100 1 _aMASNY, J.
245 0 _aPrzemiany energii elektrycznej /
_cJ. Masny, Z. Teresiak.
250 _aWyd. 2.
260 _aWarszawa,
_c1985.
700 1 _aTERESIAK, Z.
040 _cBPK
041 _apol
942 _cKS
008 s pl f |000 0 pol
999 _c2513
_d2513
856 _uhttp://koha.tu.koszalin.pl/cgi-bin/koha/opac-detail.pl?biblionumber=2513
_yKatalog online BPK